Los movimientos eclesiales en la solicitud pastoral de los obispos / Pontificium Consilium Pro Laicis

সংরক্ষণ করুন:
গ্রন্থ-পঞ্জীর বিবরন
সংস্থা লেখক: Pontificium Consilium Pro Laicis
বিন্যাস: গ্রন্থ
মালা:Los laicos hoy ; v. 4
বিষয়গুলি:
ট্যাগগুলো: ট্যাগ যুক্ত করুন
কোনো ট্যাগ নেই, প্রথমজন হিসাবে ট্যাগ করুন!

MARC

LEADER 00000nam^a2200000^u^4500
001 000548708
005 20250521000000.0
008 060220s1000^^^^^^^^^^^^r^^^^^000^0^spa^d
009 20260310131457.515
035 |a FMI 000018457 
037 |a Acervo Xavier Clavigero 
096 |a 5.4.3/3/A/v.4 
110 |a Pontificium Consilium Pro Laicis 
245 1 4 |a Los movimientos eclesiales en la solicitud pastoral de los obispos / Pontificium Consilium Pro Laicis 
264 |a Ciudad del Vaticano : Pontificium Consilium Pro Laicis 
300 |a 261 p. 
336 |a texto  |b txt  |2 rdacontenido 
337 |a sin mediación  |b n  |2 rdamedio 
338 |a volumen  |b nc  |2 rdasoporte 
440 4 |a Los laicos hoy ; v. 4 
649 |a XX 
650 |a Laicado 
910 |a Fondo Francisco Migoya Covarrubias S.J. 
920 |a Impresos - Libros 
930 |a Fondos Especiales 
905 |a 134 
901 |a SBC27205  |b IT2  |c ESP  |u 20250521 
902 |a https://opac.biblio.iteso.mx/vufind/Record/000548708